| 000 | 00623nam a22001817a 4500 | ||
|---|---|---|---|
| 999 |
_c190132 _d190132 |
||
| 005 | 20220719103321.0 | ||
| 010 | _aENG-133658 | ||
| 020 |
_a9788178542300 _c550.00 |
||
| 035 | _aEN-117190 | ||
| 037 | _bDBAD/PUB | ||
| 082 | _a294.34209 | ||
| 100 | _aParmita Shekhar | ||
| 245 |
_aRole of Heretical Teachers in making of the Budda and his Teachings: _bas in pali nikayas and chinese agamas/ _cby Parmita Shekhar |
||
| 260 |
_aDelhi _bEastern Book Linkers _c2012 |
||
| 270 |
_aH.O.5825,New Chandrawal,jawahar Nagar, _bDelhi _e110007 |
||
| 300 |
_axvi;167p. _c22cm(Hb) |
||
| 942 |
_2ddc _cEN _h294.34209 _mPAR |
||